| 000 | 00586nam a2200205 i 4500 | ||
|---|---|---|---|
| 001 | bgj | ||
| 100 | 1 |
_aLENZ, Jakob Michael Reinhold. _d(1751-1792). |
|
| 245 | 1 | 0 |
_aDie Soldaten: _bKomödie / _cJakob Michael Reinhold Lenz. |
| 260 |
_aLeipzig : _bVerlag von Philipp Reclam jun. |
||
| 300 |
_a64 s. ; _c16 cm. |
||
| 490 | 1 |
_aReclams Universal-Bibliothek _vNr. 5899 |
|
| 650 | 9 | _aDramat niemiecki | |
| 830 | _aReclams Universal-Bibliothek | ||
| 040 | _cBPK | ||
| 041 | 0 | _ager | |
| 044 | _aDEU | ||
| 080 | _a821.112.2-2 | ||
| 942 | _cKS | ||
| 008 | s gw f |000 0 ger | ||
| 999 |
_c49921 _d49921 |
||
| 856 |
_uhttp://koha.tu.koszalin.pl/cgi-bin/koha/opac-detail.pl?biblionumber=49921 _yKatalog online BPK |
||